Olimpiada matemática argentina. 20º; problemas semanales /

Guardado en:
Autor Principal: Fauring, Patricia
Otros Autores: Gutierrez, Flora
Formato: Libro
Publicado: Buenos Aires : Olimpíada Matemática Argentina, 2003
Materias:
Etiquetas: Agregar Etiqueta
Sin Etiquetas, Sea el primero en etiquetar este registro!
LEADER 00546nam a22001815a 4500
001 CEM.cems011232
005 20060214000000.0
008 130507s2003##################000#0#####d
003 CEMS
082 0 4 |a F510 
100 1 |a Fauring, Patricia 
245 1 0 |a Olimpiada matemática argentina. 20º; problemas semanales / 
260 |a Buenos Aires :  |b Olimpíada Matemática Argentina,  |c 2003 
300 |a 14 p. 
653 |a Matematica 
653 |a Matematica-olimpiadas 
700 1 |a Gutierrez, Flora 
859 |a CEMS  |b BIB. CEMS - 11 de abril  |h F510  |i 8  |p 1921.44  |t Ej.1